书目信息 |
| 题名: |
环境资源法
|
|
| 作者: | 钱水苗 主编 | |
| 分册: | ||
| 出版信息: | 杭州 浙江大学出版社 2007.06 |
|
| 页数: | 309页 | |
| 开本: | 24cm | |
| 丛书名: | 应用型本科院校法学专业规划教材系列 | |
| 单 册: | ||
| 中图分类: | D922.601 | |
| 科图分类: | ||
| 主题词: | 自然资源保护法--zi ran zi yuan bao hu fa--高等学校--中国--教材 , 环境保护法--huan jing bao hu fa--高等学校--中国--教材 | |
| 电子资源: | ||
| ISBN: | 978-7-308-05356-3 | |
| 000 | 01124nam 2200289 450 | |
| 001 | 012008669605 | |
| 005 | 20080523090832.67 | |
| 010 | @a978-7-308-05356-3@dCNY29.00 | |
| 100 | @a20080523d2007 em y0chiy0120 ea | |
| 101 | 0 | @achi |
| 102 | @aCN@b330000 | |
| 105 | @ay a 000yy | |
| 106 | @ar | |
| 200 | 1 | @a环境资源法@Ahuan jing zi yuan fa@f钱水苗主编@Fqian shui miao zhu bian |
| 210 | @a杭州@c浙江大学出版社@d2007.06 | |
| 215 | @a309页@d24cm | |
| 225 | 2 | @a应用型本科院校法学专业规划教材系列@Aying yong xing ben ke yuan xiao fa xue zhuan ye gui hua jiao cai xi lie |
| 300 | @a应用型本科规划教材 | |
| 320 | @a有书目 | |
| 330 | @a全书共九章,主要包括环境资源的相关概念、环境资源法的基本理论、基本原则、基本法律制度和法律责任、另设专章分别介绍了环境污染防治法等。 | |
| 410 | 0 | @12001 @a应用型本科院校法学专业规划教材系列 |
| 606 | 0 | @a自然资源保护法@Azi ran zi yuan bao hu fa@x高等学校@y中国@j教材 |
| 606 | 0 | @a环境保护法@Ahuan jing bao hu fa@x高等学校@y中国@j教材 |
| 690 | @aD922.601@v4 | |
| 701 | 0 | @a钱水苗@Aqian shui miao@4主编 |
| 801 | 0 | @aCN@bQSSK@c20080523 |
| 905 | @b713049-51@dD922.601@eQ234@f3 | |
| 环境资源法/钱水苗主编.-杭州:浙江大学出版社,2007.06 |
| 309页;24cm.-(应用型本科院校法学专业规划教材系列) |
| 应用型本科规划教材 |
| ISBN 978-7-308-05356-3:CNY29.00 |
| 全书共九章,主要包括环境资源的相关概念、环境资源法的基本理论、基本原则、基本法律制度和法律责任、另设专章分别介绍了环境污染防治法等。 |
| ● |
| 相关链接 |
|
|
|
正题名:环境资源法
索取号:D922.601/Q234
 
预约/预借
| 序号 | 登录号 | 条形码 | 馆藏地/架位号 | 状态 | 备注 |
| 1 | 713049 | 207130497 | 社科库509/509社科库 90排1列3层/ [索取号:D922.601/Q234] | 在馆 | |
| 2 | 713050 | 207130503 | 社科库509/509社科库 90排1列3层/ [索取号:D922.601/Q234] | 在馆 | |
| 3 | 713051 | 207130512 | 社科库509/509社科库 90排1列3层/ [索取号:D922.601/Q234] | 在馆 |